|
|
|
|
| LEADER |
00000naa2a2200000 4500 |
| 001 |
122809 |
| 005 |
20231031130159.0 |
| 035 |
|
|
|a (RuTPU)RU\TPU\book\132953
|
| 090 |
|
|
|a 122809
|
| 100 |
|
|
|a 20071009d2006 k y0rusy50 ca
|
| 101 |
0 |
|
|a rus
|
| 102 |
|
|
|a RU
|
| 200 |
1 |
|
|a Фазовые и структурные изменения при окислении нанопорошков меди в воздухе
|f А. В. Коршунов, А. П. Ильин, Г. В. Яблуновский
|
| 320 |
|
|
|a Библиогр.: 2 назв.
|
| 463 |
|
0 |
|0 (RuTPU)RU\TPU\book\118435
|y 5-7636-0857-7
|t Ультрадисперсные порошки, наноструктуры, материалы: получение, свойства, применение
|o IV Ставеровские чтения. Труды Всероссийской научно-технической конференции с международным участием, 28-29 сентября 2006 года, Красноярск
|f Сибирское отделение РАН; Красноярский государственный технический университет; под ред. В. Е. Редькина, С. А. Подлесного
|v С. 62-66
|d 2006
|p 362 с.
|
| 610 |
1 |
|
|a нанопорошки
|
| 610 |
1 |
|
|a медь
|
| 610 |
1 |
|
|a окисление
|
| 610 |
1 |
|
|a структурные изменения
|
| 610 |
1 |
|
|a высокодисперсные порошки
|
| 610 |
1 |
|
|a труды учёных ТПУ
|
| 700 |
|
1 |
|a Коршунов
|b А. В.
|c химик
|c профессор Томского политехнического университета, кандидат химических наук
|f 1970-
|g Андрей Владимирович
|2 stltpush
|3 (RuTPU)RU\TPU\pers\25489
|
| 701 |
|
1 |
|a Ильин
|b А. П.
|c химик
|c профессор Томского политехнического университета, доктор физико-математических наук
|f 1949-
|g Александр Петрович
|2 stltpush
|3 (RuTPU)RU\TPU\pers\25487
|
| 701 |
|
1 |
|a Яблуновский
|b Г. В.
|
| 801 |
|
1 |
|a RU
|b 63413507
|c 20071009
|g PSBO
|
| 801 |
|
2 |
|a RU
|b 63413507
|c 20151217
|g RCR
|
| 942 |
|
|
|c BK
|